| 000 | 01037nam a2200301 i 4500 | ||
|---|---|---|---|
| 001 | 000039184 | ||
| 003 | DO-SdBNP | ||
| 005 | 20251016151729.0 | ||
| 007 | ta | ||
| 008 | 130606s2019 dr 000 0 spa d | ||
| 020 | _a9789945481303 | ||
| 040 |
_aDO-SdBNP _bspa _cBNPHU _erda |
||
| 041 | _aspa | ||
| 082 | 4 |
_axxx _bG934r 2013 _222 |
|
| 100 |
_aGuerrero, Miguel, _d1945- _eautor _914303 _4aut. |
||
| 245 | 1 | 3 |
_aEl rugido del león / _cMiguel Guerrero ; prólogo, Cristóbal Rodríguez Gómez. |
| 250 | _aSegunda edición | ||
| 264 |
_aSanto Domingo, República Dominicana : _bEditora Centenario, SRL, _c2013. |
||
| 300 |
_axxiv, 335 páginas : _bilustraciones, retratos ; _c24 cm. |
||
| 336 |
_ardacontent _btexto _2txt |
||
| 337 |
_ardamedia _bsin mediación _2n |
||
| 338 |
_ardacarrier _bvolumen _2nc |
||
| 500 | _aIncluye datos biográficos del autor en la solapa de la cubierta | ||
| 590 | _aInventariado, 2025 / LP | ||
| 700 | 1 |
_aRodríguez Gómez, Cristóbal, _eprologuista _965378 _4pr. |
|
| 910 | _aLP | ||
| 942 |
_2ddc _cLBS1 |
||
| 999 |
_c59974 _d59974 |
||